Mario Kart Games by Course - Statistics

General Stats
  • This quiz has been taken 13 times
  • The average score is 78 of 113
Answer Stats
Hint Answer % Correct
Boo Lake Mario Kart: Super Circuit
100%
Choco Island 1 Super Mario Kart
90%
Baby Park Mario Kart: Double Dash
90%
Airship Fortress Mario Kart DS
90%
Coconut Mall Mario Kart Wii
90%
Choco Island 2 Super Mario Kart
80%
Broken Pier Mario Kart: Super Circuit
80%
Daisy Cruiser Mario Kart: Double Dash
80%
Daisy Circuit Mario Kart Wii
80%
DK Summit / DK's Snowboard Cross Mario Kart Wii
80%
Grumble Volcano Mario Kart Wii
80%
Koopa Cape Mario Kart Wii
80%
Maple Treeway Mario Kart Wii
80%
Moo Moo Meadows Mario Kart Wii
80%
Moonview Highway Mario Kart Wii
80%
Mushroom Gorge Mario Kart Wii
80%
Toad’s Factory Mario Kart Wii
80%
Wario’s Gold Mine Mario Kart Wii
80%
Animal Crossing Mario Kart 8
80%
Big Blue Mario Kart 8
80%
Bone-Dry Dunes Mario Kart 8
80%
Cloudtop Cruise Mario Kart 8
80%
Donut Plains 1 Super Mario Kart
70%
Donut Plains 2 Super Mario Kart
70%
Donut Plains 3 Super Mario Kart
70%
Ghost Valley 1 Super Mario Kart
70%
Ghost Valley 2 Super Mario Kart
70%
Ghost Valley 3 Super Mario Kart
70%
Koopa Beach 1 Super Mario Kart
70%
Koopa Beach 2 Super Mario Kart
70%
Mario Circuit 1 Super Mario Kart
70%
Mario Circuit 2 Super Mario Kart
70%
Mario Circuit 3 Super Mario Kart
70%
Mario Circuit 4 Super Mario Kart
70%
Vanilla Lake 1 Super Mario Kart
70%
Vanilla Lake 2 Super Mario Kart
70%
Choco Mountain Mario Kart 64
70%
Kalimari Desert Mario Kart 64
70%
Koopa Troopa Beach Mario Kart 64
70%
Mario Raceway Mario Kart 64
70%
Royal Raceway Mario Kart 64
70%
Toad’s Turnpike Mario Kart 64
70%
Yoshi Valley Mario Kart 64
70%
Cheese Land Mario Kart: Super Circuit
70%
Lakeside Park Mario Kart: Super Circuit
70%
Peach Circuit Mario Kart: Super Circuit
70%
Riverside Park Mario Kart: Super Circuit
70%
Sky Garden Mario Kart: Super Circuit
70%
Snow Land Mario Kart: Super Circuit
70%
Sunset Wilds Mario Kart: Super Circuit
70%
DK Mountain Mario Kart: Double Dash
70%
Dino Dino Jungle Mario Kart: Double Dash
70%
Yoshi Circuit Mario Kart: Double Dash
70%
Figure-8 Circuit Mario Kart DS
70%
Shroom Ridge Mario Kart DS
70%
Tick-Tock Clock Mario Kart DS
70%
Waluigi Pinball Mario Kart DS
70%
Daisy Hills Mario Kart 7
70%
Maka Wuhu / Wuhu Mountain Loop Mario Kart 7
70%
Music Park / Melody Motorway Mario Kart 7
70%
Neo Bowser City / Koopa City Mario Kart 7
70%
Piranha Plant Slide / Piranha Plant Pipeway Mario Kart 7
70%
Rock Rock Mountain / Alpine Pass Mario Kart 7
70%
Rosalina’s Ice World Mario Kart 7
70%
Shy Guy Bazaar Mario Kart 7
70%
Toad Circuit Mario Kart 7
70%
Wario Shipyard / Wario's Galleon Mario Kart 7
70%
Wuhu Loop / Wuhu Island Loop Mario Kart 7
70%
Dolphin Shoals Mario Kart 8
70%
Dragon Driftway Mario Kart 8
70%
Electrodrome Mario Kart 8
70%
Excitebike Arena Mario Kart 8
70%
Hyrule Circuit Mario Kart 8
70%
Ice Ice Outpost Mario Kart 8
70%
Mario Kart Stadium Mario Kart 8
70%
Mount Wario Mario Kart 8
70%
Mute City Mario Kart 8
70%
Shy Guy Falls Mario Kart 8
70%
Sunshine Airport Mario Kart 8
70%
Super Bell Subway Mario Kart 8
70%
Sweet Sweet Canyon Mario Kart 8
70%
Thwomp Ruins Mario Kart 8
70%
Toad Harbor Mario Kart 8
70%
Twisted Mansion Mario Kart 8
70%
Water Park Mario Kart 8
70%
Wild Woods Mario Kart 8
70%
Banshee Boardwalk Mario Kart 64
60%
DK's Jungle Parkway Mario Kart 64
60%
Frappe Snowland Mario Kart 64
60%
Moo Moo Farm Mario Kart 64
60%
Ribbon Road Mario Kart: Super Circuit
60%
Shy Guy Beach Mario Kart: Super Circuit
60%
Yoshi Desert Mario Kart: Super Circuit
60%
Mushroom City Mario Kart: Double Dash
60%
Delfino Square Mario Kart DS
60%
Desert Hills Mario Kart DS
60%
DK Pass Mario Kart DS
60%
Luigi’s Mansion Mario Kart DS
60%
Peach Gardens Mario Kart DS
60%
Yoshi Falls Mario Kart DS
60%
Dry Dry Ruins Mario Kart Wii
60%
Cheep Cheep Lagoon / Cheep Cheep Cape Mario Kart 7
60%
DK Jungle Mario Kart 7
60%
Luigi Raceway Mario Kart 64
50%
Dry Dry Desert Mario Kart: Double Dash
50%
Mushroom Bridge Mario Kart: Double Dash
50%
Peach Beach Mario Kart: Double Dash
50%
Waluigi Stadium Mario Kart: Double Dash
50%
Wario Colosseum Mario Kart: Double Dash
50%
Cheep Cheep Beach Mario Kart DS
50%
Bowser Castle 4 Mario Kart: Super Circuit
40%
Cheep-Cheep Island Mario Kart: Super Circuit
40%
Bowser Castle Mario Kart DS
20%
No matching quizzes found
Score Distribution
Percent of People with Each Score
Percentile by Number Answered
Your Score History
You have not taken this quiz